Part-time farming in the United States; (Record no. 9929)

MARC details
000 -LEADER
fixed length control field 01065cam a22002651 4500
001 - CONTROL NUMBER
control field agr39000047
003 - CONTROL NUMBER IDENTIFIER
control field DLC
005 - DATE AND TIME OF LATEST TRANSACTION
control field 20260227110957.0
008 - FIXED-LENGTH DATA ELEMENTS--GENERAL INFORMATION
fixed length control field 920915s1939 dcu b f000 0 eng
010 ## - LIBRARY OF CONGRESS CONTROL NUMBER
LC control number agr39000047
035 ## - SYSTEM CONTROL NUMBER
System control number (OCoLC)26608128
040 ## - CATALOGING SOURCE
Original cataloging agency DLC
Transcribing agency NNC
Modifying agency DLC
042 ## - AUTHENTICATION CODE
Authentication code premarc
050 00 - LIBRARY OF CONGRESS CALL NUMBER
Classification number Z5074.E3
Item number U35 no. 77
110 1# - MAIN ENTRY--CORPORATE NAME
Corporate name or jurisdiction name as entry element United States.
Subordinate unit Bureau of Agricultural Economics.
-- Library.
245 00 - TITLE STATEMENT
Title Part-time farming in the United States;
Remainder of title a selected list of references.
Statement of responsibility, etc. Compiled by Helen E. Hennefrund under the direction of Mary G. Lacy ...
260 ## - PUBLICATION, DISTRIBUTION, ETC.
Place of publication, distribution, etc. Washington,
Date of publication, distribution, etc. 1939.
300 ## - PHYSICAL DESCRIPTION
Extent vi, 272 p.
Dimensions 27 cm.
410 10 - SERIES STATEMENT/ADDED ENTRY--CORPORATE NAME [OBSOLETE, CAN/MARC], [LOCAL, USA]
Corporate name or jurisdiction name as entry element United States.
Subordinate unit Bureau of Agricultural Economics.
-- Library.
Title of a work Agricultural economics bibliography
Volume number/sequential designation no. 77
500 ## - GENERAL NOTE
General note At head of title: United States Department of Agriculture. Bureau of Agricultural Economics ...
500 ## - GENERAL NOTE
General note Mimeographed.
504 ## - BIBLIOGRAPHY, ETC. NOTE
Bibliography, etc. note "Sources consulted": p. vi.
650 #0 - SUBJECT ADDED ENTRY--TOPICAL TERM
Topical term or geographic name entry element Agriculture
General subdivision Economic aspects
Form subdivision Bibliography.
700 1# - ADDED ENTRY--PERSONAL NAME
Personal name Hennefrund, Helen Emma,
Dates associated with a name 1909-
Relator term joint author.

No items available.

Powered by Koha